Interim review of the home report (Record no. 111166)

MARC details
000 -LEADER
fixed length control field 00989cad a22002415a 4500
001 - CONTROL NUMBER
control field E151115
008 - FIXED-LENGTH DATA ELEMENTS--GENERAL INFORMATION
fixed length control field 101001s2010 xxk f s000 0 eng d
020 ## - INTERNATIONAL STANDARD BOOK NUMBER
International Standard Book Number 9780755996575
035 ## - SYSTEM CONTROL NUMBER
System control number (Sirsi) u151115
041 0# - LANGUAGE CODE
Language code of text/sound track or separate title eng
110 2# - MAIN ENTRY--CORPORATE NAME
Corporate name or jurisdiction name as entry element Tribal Consulting
9 (RLIN) 4968
245 00 - TITLE STATEMENT
Title Interim review of the home report
Medium [electronic resource]
260 ## - PUBLICATION, DISTRIBUTION, ETC.
Place of publication, distribution, etc. Edinburgh
-- Scottish Government
Date of publication, distribution, etc. 2010
520 ## - SUMMARY, ETC.
Summary, etc. Sets out the findings of the interim review of the Home Report in Scotland. Examines the operation of the Home Report, and looks at the housing market from 1 December 2008 to 30 November 2009.
590 ## - LOCAL NOTE (RLIN)
Local note KA
650 24 - SUBJECT ADDED ENTRY--TOPICAL TERM
Topical term or geographic name entry element HOME REPORT
651 #4 - SUBJECT ADDED ENTRY--GEOGRAPHIC NAME
Geographic name Scotland
Chronological subdivision 1999-
690 ## - LOCAL SUBJECT ADDED ENTRY--TOPICAL TERM (OCLC, RLIN)
Topical term or geographic name as entry element PROPERTY-RESIDENTIAL PROPERTY-ACQUISITION AND DISPOSAL OF RESIDENTIAL PROPERTY
710 1# - ADDED ENTRY--CORPORATE NAME
Corporate name or jurisdiction name as entry element George Street Research
9 (RLIN) 5866
710 1# - ADDED ENTRY--CORPORATE NAME
Corporate name or jurisdiction name as entry element Optimal Economics
856 40 - ELECTRONIC LOCATION AND ACCESS
Uniform Resource Identifier <a href="https://www.scotland.gov.uk/Publications/2010/09/28094548/0">https://www.scotland.gov.uk/Publications/2010/09/28094548/0</a>
Public note View the report free of charge at www.scotland.gov.uk
942 ## - ADDED ENTRY ELEMENTS (KOHA)
Suppress in OPAC 0
Holdings
Withdrawn status Lost status Source of classification or shelving scheme Damaged status Not for loan Home library Current library Shelving location Date acquired Total Checkouts Full call number Barcode Date last seen Copy number Price effective from Koha item type
    Dewey Decimal Classification     Virtual Virtual Online 01/10/2010   ONLINE PUBLICATION 151115-2001 06/08/2019 1 06/08/2019 Book